000 00909nam a2200253 i 4500
003 DO-SdBNP
005 20250116073946.0
006 a||||fr|||| 00| 0
007 ta
008 240507e190? dr aabc| |||| 00| 0 spa d
040 _aDO-SdBNP
_bspa
_cBNPHU
_erda
082 4 _222
_bR426c
110 1 _aRepública Dominicana.
_bSecretaría de Estado de Educación, Bellas Artes y Cultos
_923965
245 1 0 _aCompendio de estudios sociales y ciencias naturales:
_bpruebas nacionales de 8vo. grado.
246 1 3 _aPruebas nacionales de 8vo. grado.
264 _a[Santo Domingo] :
_bSecretaría de Educación,
_c[190?]
300 _a98 páginas :
_bilustraciones, mapas ;
_c27 cm.
336 _2rdacontent
_atexto
_btxt
337 _2rdamedia
_asinmediación
_bn
338 _2rdacarrier
_avolumen
_bnc
500 _aMejores ciudadanos para el nuevo milenio.
590 _aInventariado 2024 / MF
942 _2ddc
_cLBS1
999 _c56617
_d56617